[Event "80th Tata Steel Challengers 2018"]
[Site "Wijk aan Zee"]
[Date "2018.01.14"]
[Round "2"]
[White "Xiong, Jeffery"]
[Black "Korobov, Anton"]
[Result "1/2-1/2"]
[WhiteElo "2634"]
[BlackElo "2652"]
[Annotator "TA"]
[PlyCount "61"]
[EventDate "2018.??.??"]
[EventType "tourn"]
[EventCountry "NED"]
[SourceTitle "playchess.com"]
[Source "ChessBase"]
[SourceQuality "1"]

{[%evp 11,61,20,29,11,14,10,18,13,29,41,30,42,41,42,21,27,37,27,33,30,39,2,0,3,0,0,3,0,0,0,0,-27,-25,-27,-27,-45,-7,-24,-19,-12,7,7,12,11,6,0,0,0,0,-2,0,0]} 1. d4 d5 2. c4 c6 3. Nf3 Nf6 4. Qb3 e6 5. Bf4 (5. g3 Nbd7 6. Bg2 b6 7. O-O Be7 8. Bf4 O-O 9. Nc3 Nh5 10. Be3 Bb7 11. Rfd1 Bd6 12. Rac1 Qe7 13. cxd5 exd5 14. Bg5 f6 15. Bd2 f5 16. Bg5 Qe6 17. e3 {½-½ (78) Van Wely,L (2661)-Korobov,A (2652) Sanem 2017}) 5... dxc4 6. Qxc4 {D11: Slav Defence: 3 Nf3 sidelines and 3...Nf6 4 e3 Bg4} b5 {LiveBook: 16 Games} 7. Qb3 Nbd7 8. e3 a6 9. a4 $146 {[%cal Ra4b5]} ({Predecessor:} 9. Be2 c5 10. O-O Be7 11. a4 cxd4 12. Nxd4 Bb7 13. axb5 axb5 {½-½ (41) Simal Moreira,L (2194)-Zolendowski,C (2240) LSS email 2011}) 9... Qa5+ 10. Nbd2 c5 11. Qd1 bxa4 12. Rxa4 {[%cal Ba1a4,Ba4d4,Bd4d3][%mdl 32]} Qd8 13. Be2 Bb7 14. O-O cxd4 15. Rxd4 {Threatens to win with Nc4.} ({But not} 15. Nxd4 e5 $17) 15... Bc5 16. Rd3 {next Ne5 is good for White.} Qe7 17. Ne5 Nxe5 18. Bxe5 {[#] Black must now prevent Qa4+.} O-O 19. Nb3 {Strongly threatening Bxf6.} Bb4 20. Bf3 Nd5 21. Nd4 Qg5 22. Bg3 a5 23. h4 Qh6 24. Nb5 Ba6 25. Bxd5 {The position is equal.} Bxb5 26. Bxa8 {[#] aiming for Bf3.} Bxd3 27. Qxd3 Rxa8 28. Rd1 Qf6 29. b3 h5 30. Qc4 Rd8 31. Rxd8+ {Precision: White = 71%, Black = 87%.} 1/2-1/2

[Event "80th Tata Steel Challengers 2018"]
[Site "Wijk aan Zee"]
[Date "2018.01.14"]
[Round "2"]
[White "Gordievsky, Dmitry"]
[Black "Van Foreest, Jorden"]
[Result "1/2-1/2"]
[WhiteElo "2622"]
[BlackElo "2629"]
[Annotator "TA"]
[PlyCount "62"]
[EventDate "2018.??.??"]
[EventType "tourn"]
[EventCountry "NED"]
[SourceTitle "playchess.com"]
[Source "ChessBase"]
[SourceQuality "1"]

{[%evp 14,62,-3,-12,0,0,0,0,0,-3,0,-20,-10,-18,-19,-10,17,-31,-30,-31,-16,-33,-38,-40,-37,-49,-35,-43,-35,-52,-65,-55,-50,-56,-25,-27,-32,-29,-6,-15,0,0,0,-5,0,0,0,-2,0,0,0]} 1. Nf3 c5 2. c4 Nc6 3. Nc3 {[%cal Bb1c3,Bc3e4,Be4d6][%mdl 32]} g6 4. g3 Bg7 5. Bg2 e6 6. d4 Nxd4 7. Nxd4 cxd4 8. Ne4 d5 {A37: Symmetrical English vs ...g6: 4 Bg2 Bg7 5 Nf3} (8... Ne7 9. Nd6+ Kf8 10. Qb3 Nc6 11. O-O Qb6 12. Qf3 f5 13. Bf4 Qc5 14. b4 Qxb4 15. Rab1 Qc3 16. e3 {½-½ (69) Vakhidov,J (2518)-Hossain,E (2432) Ashkhabad 2017}) 9. Qa4+ Kf8 10. Qa3+ $146 ({Predecessor:} 10. cxd5 exd5 11. Nc5 Bf6 12. Bf4 Kg7 13. Rc1 Ne7 14. O-O Bf5 15. Nxb7 Qb6 16. Nc5 Qxb2 17. Bf3 g5 18. g4 Bg6 19. Bd6 Rhd8 20. Bc7 Rdc8 21. Bd6 Rd8 {½-½ (21) Loeschnauer,R (2403)-Schmuckermair,E (2371) ICCF email 2006}) 10... Qe7 11. Nd6 Be5 12. Nxc8 (12. Bf4 {keeps more tension.} Bxf4 13. gxf4 Nh6 14. cxd5 exd5 15. Rd1) 12... Qxa3 13. bxa3 Rxc8 14. cxd5 exd5 15. Rb1 b6 16. Bxd5 Nf6 17. Bf3 Kg7 18. Kd2 Nd7 19. Bb2 Nc5 20. Rhc1 Bf6 21. Ba1 Rhd8 22. Rb4 Rd6 23. Bg2 d3 {[#] Threatens to win with ...Nb3+!} (23... g5 {looks sharper.} 24. a4 a5 25. Rbc4 Re8 26. h3 h5) 24. e3 $1 Bxa1 25. Rxa1 f5 {...Ne4+! is the strong threat.} 26. Rc1 {The position is equal.} Re8 27. Rf4 Re7 28. h4 Ne6 29. Rb4 Nc5 30. Rf4 Ne6 31. Rb4 Nc5 {Precision: White = 68%, Black = 52%.} 1/2-1/2

[Event "80th Tata Steel Challengers 2018"]
[Site "Wijk aan Zee"]
[Date "2018.01.14"]
[Round "2"]
[White "Bok, Benjamin"]
[Black "Harika, Dronavalli"]
[Result "1/2-1/2"]
[WhiteElo "2607"]
[BlackElo "2497"]
[Annotator "TA"]
[PlyCount "60"]
[EventDate "2018.??.??"]
[EventType "tourn"]
[EventCountry "NED"]
[SourceTitle "playchess.com"]
[Source "ChessBase"]
[SourceQuality "1"]

{[%evp 23,60,9,17,17,4,12,25,14,15,27,17,10,4,0,0,0,0,0,15,-6,44,0,0,0,0,0,0,0,13,0,0,0,0,0,0,0,0,-6,-10]} 1. e4 c5 2. Nf3 Nc6 3. Bb5 d6 4. O-O Bd7 5. Re1 Nf6 6. c3 a6 7. Bf1 Bg4 8. h3 Bxf3 9. Qxf3 e6 {B51: Sicilian: Moscow Variation (3 Bb5+) without 3...Bd7} 10. d3 Be7 11. Nd2 O-O 12. Qe2 b5 {[%cal Bb7b5,Bb5b4][%mdl 32] LiveBook: 5 Games} 13. g3 $146 ({Predecessor:} 13. a3 Nd7 14. f4 d5 15. e5 Bh4 16. Rd1 f6 17. exf6 Qxf6 {1-0 (38) Robson,R (2613)-Guseinov,G (2607) Antalya 2013}) 13... Rb8 14. Bg2 Qc7 15. a3 {[%cal Ba2a3,Ba3a4][%mdl 32]} a5 16. a4 b4 17. Nc4 Nd7 18. Be3 Nce5 19. Nxe5 dxe5 20. Rec1 Qd6 21. cxb4 cxb4 22. Rc2 Rfc8 {The position is equal.} 23. Rac1 Rxc2 24. Qxc2 Bd8 25. b3 Kf8 26. Qc6 Qxc6 27. Rxc6 Bb6 28. Bf3 Ke7 29. Bd1 Kd8 30. Kf1 Bxe3 {Precision: White = 56%, Black = 73%.} 1/2-1/2

[Event "80th Tata Steel Challengers 2018"]
[Site "Wijk aan Zee"]
[Date "2018.01.14"]
[Round "2"]
[White "Van Foreest, Lucas"]
[Black "Tari, Aryan"]
[Result "1-0"]
[WhiteElo "2481"]
[BlackElo "2599"]
[Annotator "TA"]
[PlyCount "169"]
[EventDate "2018.??.??"]
[EventType "tourn"]
[EventCountry "NED"]
[SourceTitle "playchess.com"]
[Source "ChessBase"]
[SourceQuality "1"]

{[%evp 19,169,5,12,6,7,0,12,0,0,0,21,0,0,0,18,9,16,1,2,4,11,10,6,0,0,0,34,30,37,36,37,33,41,41,44,27,28,28,28,28,28,20,39,6,12,0,0,0,2,0,0,0,0,7,77,84,84,60,94,39,66,54,193,118,118,77,77,66,66,59,226,105,206,207,193,162,193,167,189,179,397,397,397,393,385,347,408,408,383,263,368,351,266,236,810,801,768,772,760,750,747,746,673,620,772,772,437,825,832,814,652,772,505,100,485,452,1027,827,817,817,817,736,762,770,934,989,976,798,756,740,12850,12850,12831,12839,12841,12825,10912,1072,1009,806,9487,8015,7606,7394,8015,7674,6102,6005,5617,5617,1563,1175]} 1. e4 c6 2. d4 d5 3. exd5 cxd5 4. Bd3 Nc6 5. c3 Qc7 6. h3 g6 7. Nf3 {B13: Caro-Kann (Abtausch-Variante 4.c4)} Bf5 8. O-O Nf6 9. Re1 Bxd3 10. Qxd3 Bg7 {LiveBook: 14 Partien} 11. Be3 (11. Na3 O-O 12. Nc2 e6 13. Ne3 Rab8 14. a4 Na5 15. Ra3 Rfc8 {0-1 (67) Artemiev,V (2653)-Riazantsev,A (2671) Doha 2016}) 11... O-O 12. Nbd2 Nd7 13. Bg5 Rfe8 $146 ({Vorgänger:} 13... e6 14. a4 Rfc8 15. g3 Na5 {0-1 (69) Gupta,A (1840)-Hill,A (2097) London 2013}) 14. Bh4 Qb6 15. Rab1 a5 16. Nf1 Qa6 17. Qd2 Nf6 18. Bxf6 exf6 19. Rxe8+ Rxe8 20. Re1 Re6 21. Qf4 Rxe1 22. Nxe1 Qe2 (22... Qc4 {seems wilder.} 23. a3 Qb5 24. Qd2 a4 25. Ne3 Bh6) 23. Qd2 Qxd2 24. Nxd2 $11 {[%mdl 4096] Endspiel KLS-KSS} Bh6 25. Nb3 b5 26. Nc2 Kf8 27. a4 bxa4 28. Nc5 Ke7 29. Nxa4 Kd6 30. Kf1 Nd8 31. b3 Ne6 32. c4 f5 {Und weiter mit ...dxc4 wäre nett.} 33. Nc3 Bg7 {Droht stark ...dxc4.} 34. c5+ Kc6 35. Ne2 Bh6 36. Ke1 Nf4 (36... Kb7 $11) 37. Nxf4 $16 Bxf4 {KL-KS} 38. Kd1 h5 39. b4 (39. Ke2 $16) 39... Kb5 40. bxa5 {Und Sb4! würde nun gewinnen.} Kxa5 ({Lieber} 40... Bc7 $1 $14) 41. Ke2 (41. Ne3 $18) 41... Kb5 42. Kd3 $1 Bc7 43. Ne3 Kc6 44. Nd1 h4 $2 (44... Ba5 $14) 45. Nc3 (45. Nb2 $18 {und Weiss behält klar die Oberhand.}) 45... Ba5 (45... Bh2 $16) 46. Kc2 $1 $18 Bd8 47. Ne2 g5 48. Nc1 Kb5 49. Nd3 f6 $2 (49... Bc7) 50. Kb3 Ba5 51. Nb2 Be1 52. Nd1 $1 f4 53. f3 $1 Bd2 54. Nc3+ Kc6 55. Kc2 Be1 56. Kd3 f5 $2 (56... Bf2 57. Na4 Be1) 57. Na4 $1 Ba5 58. Kc2 Kb5 59. Kb3 Be1 60. Nb6 Bf2 61. Kc3 Be1+ 62. Kd3 Kc6 63. Nc8 Kd7 64. Nd6 Ke6 65. Ne8 Ba5 66. Kc2 Ke7 $2 {[%mdl 8192]} (66... Kd7 $16 67. Ng7 Bd8) 67. Nd6 {Weiß steht klar auf Gewinn.} Ke6 (67... Kd7 $142 68. Nxf5 Bd8) 68. Kb3 Be1 69. Ne8 $1 {[%cal Re8c7]} Kd7 {[#]} 70. Ng7 $1 Ba5 71. Ka4 Bc3 72. Nxf5 Kc6 73. Kb3 Ba1 74. Ne7+ Kb5 {[#]} 75. c6 $1 {[%cal Rc6c7] Droht Matt per c7.} Kb6 76. Nxd5+ Kxc6 77. Nb4+ Kd6 78. Kc4 (78. Nc2 $142 Kd5 79. Nxa1 Kxd4 80. Nc2+ Kd3 81. Kb2) 78... Ke6 79. Nd3 Kf5 80. Kc5 Bc3 81. d5 Bf6 82. Kc6 Kg6 83. Kd7 Kf7 84. Nc5 Bd4 85. Ne4 {Precision: Weiß = 71%, Schwarz = 38%.} 1-0

[Event "80th Tata Steel Challengers 2018"]
[Site "Wijk aan Zee"]
[Date "2018.01.15"]
[Round "3"]
[White "Amin, Bassem"]
[Black "Vidit, Santosh Gujrathi"]
[Result "0-1"]
[WhiteElo "2693"]
[BlackElo "2718"]
[Annotator "TA"]
[PlyCount "118"]
[EventDate "2018.??.??"]
[EventType "tourn"]
[EventCountry "NED"]
[SourceTitle "playchess.com"]
[Source "ChessBase"]
[SourceQuality "1"]

{[%evp 18,118,30,8,0,0,0,-9,-8,-7,-5,-7,-4,-13,-9,-12,-10,-12,-15,-8,0,0,0,31,152,12,4,-14,-15,-62,-64,-84,-72,-70,-31,-31,-14,-128,-54,-119,-63,-139,-93,-205,-147,-154,-149,-177,-141,-143,-127,-127,-123,-120,-38,-38,-45,-79,-47,-47,-58,-117,-117,-117,-117,-239,-239,-319,-319,-319,-319,-319,-319,-319,-319,-319,-319,-4133,-4133,-4133,-4133,-4133,-4133,-4133,-4133,-4129,-4129,-29964,-29965,-29962,-4849,-29987,-29988,-29988,-29989,-29989,-29990,-29990,-29990,-29990,-29989,-29989,-29990]} 1. e4 c5 2. Nf3 d6 3. Bb5+ Nd7 4. O-O a6 5. Bd3 Ngf6 6. Re1 {B51: Sizilianisch (Rossolimo-Variante)} e6 7. c3 b5 8. Bc2 c4 9. a4 Bb7 10. axb5 {LiveBook: 17 Partien} axb5 11. Rxa8 Qxa8 12. Na3 Bxe4 13. Bxe4 Nxe4 {[#]} 14. d3 $146 cxd3 15. Qxd3 d5 16. Nxb5 Qb7 17. b4 Be7 18. Bg5 f6 19. Bf4 {Und weiter mit Ta1 wäre nett.} O-O 20. Nfd4 g5 (20... Ne5 $14 21. Qh3 Kh8) 21. Nxe6 (21. Bc7 $16) 21... gxf4 $11 22. Nxf8 Ne5 $1 $36 {[%cal Re5d3][%mdl 2048] Schwarz hat Druck.} 23. Qh3 Ng5 ({Bitte nicht} 23... Bxf8 $6 24. Qe6+ Kh8 25. Nd4 $14) 24. Qh5 {Schwarz muss nun h4 beachten.} Qxb5 25. h4 Ngf3+ (25... Nh3+ $5 26. gxh3 Bxf8 27. Rxe5 fxe5 28. Qxe5 Qc6 $17) 26. gxf3 Bxf8 27. Kh2 {[#]} (27. Rxe5 $11 fxe5 28. Qxe5) 27... Qd7 (27... Qc6 $1 $17 {Und ...d4 würde nun gewinnen.} 28. Rxe5 fxe5 29. Qxe5 Qd6 30. Qg5+ Kh8) 28. Rd1 ({Günstiger ist} 28. Rg1+ $15 Kh8 29. Rd1) 28... Qc6 (28... Be7 $17 29. Rg1+ Kh8) 29. Kg2 (29. Qf5 $15) 29... Qxc3 30. b5 (30. Rxd5 $17 Qxb4 31. Qf5) 30... Qb3 31. Rd4 Qxb5 32. Rxf4 Qc6 33. Qf5 Be7 34. h5 Qd7 {[#]} 35. Rg4+ $1 {[%mdl 512]} Kh8 ({Lieber} 35... Kf8 $17 36. Qxd7 Nxd7) (35... Nxg4 36. Qxd7) 36. Qxd7 $15 Nxd7 37. Ra4 {Droht Ta7 und aus.} Bf8 38. Ra7 Nc5 39. Rf7 (39. f4 $15) 39... Kg8 $17 40. Rxf6 d4 {[%cal Bd5d4,Bd4d3][%mdl 32]} 41. f4 (41. Kf1 $17) 41... d3 $19 {zielt auf ...d2 ab.} 42. Kf1 Na4 43. Ra6 Nb2 44. Ra1 Kf7 (44... d2 45. Ke2 $19) 45. Rb1 Bg7 ({Finger weg von} 45... d2 46. Ke2 $19) 46. f5 Ke7 ({Viel schwächer ist} 46... d2 47. Ke2 $19) 47. f3 $2 (47. f4) 47... Kd6 48. Kf2 Bd4+ 49. Ke1 Bc3+ 50. Kf2 Kd5 51. Ke3 Kc4 52. f4 d2 53. Ke2 Kb3 54. Rxb2+ Kxb2 {KL-K3B. Schwarz setzt Matt.} 55. Kd1 Bb4 56. f6 Kc3 57. f7 Bf8 58. f5 h6 59. f6 Bd6 {Precision: Weiß = 37%, Schwarz = 60%.} 0-1

[Event "80th Tata Steel Challengers 2018"]
[Site "Wijk aan Zee"]
[Date "2018.01.15"]
[Round "3"]
[White "Krasenkow, Michal"]
[Black "Van Foreest, Lucas"]
[Result "1/2-1/2"]
[WhiteElo "2671"]
[BlackElo "2481"]
[Annotator "TA"]
[PlyCount "108"]
[EventDate "2018.??.??"]
[EventType "tourn"]
[EventCountry "NED"]
[SourceTitle "playchess.com"]
[Source "ChessBase"]
[SourceQuality "1"]

{[%evp 26,108,0,0,27,13,26,18,18,15,10,-21,-17,-16,0,0,0,-2,0,-154,-164,-130,-131,-160,-99,-87,-55,-69,-77,-66,-12,-31,-8,-8,79,76,83,-8,-8,-8,0,0,0,0,0,0,0,0,5,0,0,0,0,-8,-8,-8,0,-8,0,0,0,0,0,-70,-70,-70,-8,-31,-30,-43,-44,-44,-44,-156,-156,-156,-8,-20,-8,-8,-8,-8,-8,-8,-8]} 1. d4 Nf6 2. c4 e6 3. Nc3 Bb4 4. e3 O-O 5. Nf3 c5 6. Bd3 d5 7. O-O cxd4 8. exd4 dxc4 9. Bxc4 b6 10. Bg5 Bb7 11. Re1 Nbd7 12. Rc1 Rc8 13. Qb3 Bxc3 {E54: Nimzo-Indian: Rubinstein: Main Line: 7...dxc4 8 Bxc4} 14. Rxc3 {LiveBook: 51 Games} Re8 (14... h6 15. Bh4 Bd5 16. Bxd5 Rxc3 17. Qxc3 Nxd5 18. Bxd8 Nxc3 19. Bxb6 Nxa2 20. Bxa7 Ra8 21. Bc5 Nxc5 22. dxc5 Rc8 23. Re5 Nb4 24. Ne1 Na6 25. Nd3 Rd8 26. Ne1 Rc8 27. Nd3 Rd8 28. Ne1 {½-½ (28) Lysyj,I (2643)-Oparin,G (2604) Sochi 2017}) 15. Ne5 h6 $146 ({Predecessor:} 15... Nxe5 16. dxe5 Qd4 17. exf6 Qg4 18. Rg3 Qxc4 19. Bd2 g6 20. Qe3 Qh4 21. Bc3 {0-1 (48) Semmelroth,H-Fuhrwerk,K Germany 1996}) 16. Nxf7 Kxf7 17. Bxe6+ Kf8 $1 18. Bf4 (18. Bxf6 $5 Qxf6 19. Rce3 (19. Qa3+ Nc5 $15) 19... Rxe6 20. Qxe6 (20. Rxe6 Qg5 $14) 20... Qxe6 21. Rxe6 $11) 18... g5 $1 {[%cal Rg5f4]} 19. Bd6+ $1 ({Of course not} 19. Rxc8 Bxc8 20. Be3 Kg7 $17) 19... Kg7 20. Rce3 $1 Rc6 21. Bb4 Rc7 {Strongly threatening ...Nf8.} 22. Bc3 $2 (22. Bd6 $1 $11) 22... Nf8 $17 23. d5 Nxe6 24. Rxe6 Rxe6 (24... Bxd5 $142 25. Rxe8 (25. Bxf6+ $2 Qxf6 26. Qg3 Bxe6 $19) 25... Qxe8) 25. dxe6 Qd5 26. Qxd5 Bxd5 27. e7 Bf7 (27... Rxc3 $1 $15 28. bxc3 Kf7) 28. f4 $1 $11 Rc8 29. Rd1 Bxa2 (29... Be8 $11) 30. fxg5 $16 hxg5 {[#]} 31. Rd8 (31. Be5 $1 $16) 31... Rxc3 $1 $11 32. bxc3 Bf7 33. Ra8 a5 34. c4 Be8 35. Rb8 a4 36. Rxb6 Ne4 37. Ra6 Kf7 38. Ra7 Ke6 39. g3 g4 40. Kg2 Nd6 41. c5 Bc6+ 42. Kf2 Ne8 43. Ke3 Kd5 44. Kd2 (44. Ra5 $11) 44... Kxc5 $15 45. Ra5+ $1 Kd6 (45... Bb5 $1 $15 46. Ra7 Kd6) 46. Rh5 Bd7 47. h3 gxh3 48. Rh4 $1 Nf6 {[#]} (48... Kxe7 $2 49. g4 $19) 49. e8=Q $1 {[%mdl 512]} Nxe8 $17 (49... Bxe8 50. Rxh3) 50. g4 {[#]} Nc7 (50... Kc5 $1 $17 {White must now prevent ...Nf6.} 51. Rxh3 Bxg4) 51. Rxh3 $11 {The position is equal.} Nb5 52. Rh5 Nd4 53. Kc3 Nc6 54. Rh6+ Ke5 {Precision: White = 58%, Black = 43%.} 1/2-1/2

[Event "80th Tata Steel Challengers 2018"]
[Site "Wijk aan Zee"]
[Date "2018.01.15"]
[Round "3"]
[White "Korobov, Anton"]
[Black "Bok, Benjamin"]
[Result "1-0"]
[WhiteElo "2652"]
[BlackElo "2607"]
[Annotator "TA"]
[PlyCount "117"]
[EventDate "2018.??.??"]
[EventType "tourn"]
[EventCountry "NED"]
[SourceTitle "playchess.com"]
[Source "ChessBase"]
[SourceQuality "1"]

{[%evp 21,117,-4,-10,0,-10,-21,20,22,26,4,11,11,12,4,4,4,0,0,13,6,15,18,21,18,16,26,44,44,44,44,44,32,48,48,48,48,48,47,61,45,49,33,60,47,81,25,58,58,69,60,81,81,81,69,69,0,69,62,69,62,69,52,66,66,145,145,145,145,145,145,145,137,233,212,659,655,883,883,789,322,12850,12849,12849,12843,29945,29951,29966,29967,29967,29967,29971,29972,29972,29973,29971,12504,29985,29986]} 1. d4 d5 2. c4 e6 3. Nc3 c6 4. e3 Nf6 5. Nf3 Nbd7 6. a3 Bd6 7. Bd3 O-O 8. O-O e5 {D46: Semi-Slav: 5 e3 Nbd7 6 Bd3, Black avoids the Meran} 9. cxd5 cxd5 10. Nb5 Bb8 11. dxe5 Nxe5 {LiveBook: 4 Games} 12. Nxe5 Bxe5 13. f4 {[#]} Bc7 $146 ({Predecessor:} 13... Bb8 14. Nd4 Re8 15. Qe1 a6 16. b4 {0-1 (47) Kozul,Z (2595)-Gabriel,C (2510) Portoroz 1993}) 14. Nxc7 Qxc7 15. b4 Qb6 16. Re1 Re8 17. Qf3 Ne4 18. Bb2 Bf5 19. Rad1 Qg6 {Strongly threatening ...Bg4.} 20. Be2 Red8 21. Qh5 Rac8 22. Qxg6 hxg6 23. Rc1 Rxc1 24. Rxc1 Rc8 25. Rxc8+ Bxc8 $14 {[%mdl 4096] Endgame KBB-KBN} 26. b5 f6 27. Bd4 a6 28. bxa6 bxa6 29. g4 g5 30. h3 Kf7 31. Bd3 g6 32. Kg2 Ke6 33. Kf1 (33. fxg5 $16 fxg5 34. a4) 33... Ke7 34. Ke1 Ke6 35. a4 {[%cal Ba3a4,Ba4a5][%mdl 32]} Bd7 36. a5 Bc8 37. Be2 Ng3 38. Bd3 Ne4 $1 39. Bb2 Bb7 40. Ba3 Bc8 41. Bb4 f5 42. Be2 Bb7 ({Better is} 42... Ng3 $1 $14) 43. fxg5 $16 Nxg5 {[#]} 44. h4 $1 {[%cal Rh4g5]} Ne4 {[#]} 45. g5 $1 Ke5 46. Be7 d4 (46... Ng3 $16 {might work better.}) 47. exd4+ $18 Kxd4 $2 (47... Ke6) 48. h5 Nxg5 49. Bxg5 {Intending h6 and mate.} gxh5 50. Kf2 Kc5 $2 (50... h4 51. Bxh4 Ke5) 51. Bxh5 Bd5 52. Bd2 Kc6 53. Ke3 Kb7 54. Kd4 Be4 55. Kc5 f4 56. Bxf4 Bg2 57. Kd6 Be4 58. Bg4 Bc6 {[#]} 59. Bc8+ $1 {[%mdl 512] Precision: White = 69%, Black = 27%.} 1-0

[Event "80th Tata Steel Challengers 2018"]
[Site "Wijk aan Zee"]
[Date "2018.01.15"]
[Round "3"]
[White "Van Foreest, Jorden"]
[Black "Bluebaum, Matthias"]
[Result "0-1"]
[WhiteElo "2629"]
[BlackElo "2640"]
[Annotator "TA"]
[PlyCount "84"]
[EventDate "2018.??.??"]
[EventType "tourn"]
[EventCountry "NED"]
[SourceTitle "playchess.com"]
[Source "ChessBase"]
[SourceQuality "1"]

{[%evp 14,84,26,22,36,33,37,0,27,0,4,14,16,12,0,18,16,12,37,0,0,0,18,0,0,0,22,-16,-18,-19,-16,-9,-6,-122,-110,-119,-104,-114,-18,-6,-9,-100,-6,-6,-6,-6,-6,-7,-8,-404,-374,-524,-468,-515,-509,-507,-491,-566,-538,-854,-817,-893,-868,-4133,-3826,-2312,-1881,-5069,-3884,-2229,-1737,-6932,-6478]} 1. e4 e6 2. d4 d5 3. Nc3 Nf6 4. Bg5 dxe4 5. Nxe4 Nbd7 6. Nf3 Be7 7. Nxf6+ Bxf6 8. h4 O-O {C13: French: Classical System: 4 Bg5 Be7, Alekhine-Chatard Attack} 9. Qe2 c5 10. Qe4 cxd4 {The position is equal.} 11. Bd3 {[%csl Gd3][%cal Re4h7] [#]} (11. O-O-O {is interesting.} Nc5 12. Qf4 e5 13. Bxf6 Qxf6 14. Qxe5 Qxe5 15. Nxe5 Rd8 16. Bc4) 11... g6 12. O-O-O e5 13. Rhe1 Re8 14. Qd5 Re6 15. Bc4 Qc7 16. Bb3 {[%cal Rf3d4] [#]} Nc5 $146 17. Bxf6 Rxf6 18. Rxe5 Nxb3+ 19. axb3 Be6 20. Qc5 (20. Qxd4 {seems wilder.} Bxb3 21. Rc5 Rc6 22. Rc3 Rxc3 23. bxc3 Be6 24. Ng5) 20... Qxc5 21. Rxc5 Bg4 22. Rd3 Re8 23. Ne5 (23. b4 $11) 23... Be2 $17 24. Rxd4 Rxf2 {White must now prevent ...Rf5.} 25. g4 {[%cal Bg2g4,Bg4g5][%mdl 32]} Rf1+ (25... h5 $17 26. gxh5 Rf5 27. hxg6 fxg6) 26. Kd2 $11 Rd1+ 27. Ke3 (27. Kc3 $11 {keeps the balance.}) 27... Rxd4 (27... b6 $17 28. Rcd5 {[#]} Bxg4 $1 {[%mdl 512]} 29. Rxd1 Bxd1 30. Rxd1 Rxe5+ 31. Kf3 Kg7) 28. Kxd4 $17 {[%mdl 4096] Endgame KRB-KRN} f6 29. Nd7 $1 {[%cal Rd7f6]} Kf7 30. g5 $1 Rd8 31. Rd5 $2 {[%mdl 8192]} (31. Ke3 $1 $11) 31... Bf3 $19 32. Nxf6 (32. Rd6 $142 Ke7 33. Rxf6 Rxd7+ 34. Ke3) 32... Bxd5 {Black is clearly winning.} 33. Nxd5 {KR-KN} Ke6 34. c4 Kf5 35. b4 Kg4 36. b5 Kxh4 37. c5 Kxg5 38. c6 bxc6 39. bxc6 h5 40. Ke4 Rc8 41. c7 Kg4 42. Ke3 Kg3 {Precision: White = 31%, Black = 61%.} 0-1

[Event "80th Tata Steel Challengers 2018"]
[Site "Wijk aan Zee"]
[Date "2018.01.15"]
[Round "3"]
[White "Tari, Aryan"]
[Black "Gordievsky, Dmitry"]
[Result "1/2-1/2"]
[WhiteElo "2599"]
[BlackElo "2622"]
[Annotator "TA"]
[PlyCount "85"]
[EventDate "2018.??.??"]
[EventType "tourn"]
[EventCountry "NED"]
[SourceTitle "playchess.com"]
[Source "ChessBase"]
[SourceQuality "1"]

{[%evp 18,85,24,14,24,16,37,20,29,0,17,0,9,8,39,0,0,0,0,-11,-11,-19,-19,-21,-18,-14,-15,-20,0,0,0,0,0,0,0,0,0,0,0,0,0,0,0,0,0,0,0,-34,0,-8,-8,-8,-8,-8,-8,-8,-8,-411,-411,-411,-411,-411,-8,-8,-8,-411,-8,-8,-8,-8]} 1. d4 Nf6 2. c4 g6 3. Nc3 d5 4. Nf3 Bg7 5. h4 (5. Qb3 dxc4 6. Qxc4 Be6 7. Qa4+ Bd7 8. Qb3 c5 9. d5 b5 10. e4 b4 11. e5 bxc3 12. exf6 Bxf6 13. bxc3 O-O 14. Bh6 Re8 {0-1 (32) Volkov,S (2645)-Svidler,P (2765) St Petersburg 2017}) 5... O-O 6. cxd5 {D90: Grünfeldindisch (Flohr-Variante)} Nxd5 7. h5 c5 8. hxg6 hxg6 9. Bh6 Bxh6 10. Rxh6 {LiveBook: 5 Partien. Und Dc1 würde nun gewinnen.} Nxc3 11. bxc3 cxd4 12. Qd2 Kg7 $1 {Schwarz will ...dxc3 spielen.} 13. Rh4 $146 ({Aber nicht} 13. Nxd4 $2 e5 $17) 13... Rh8 14. Rxh8 ({Viel schwächer wäre} 14. Rxd4 Qc7 $17) 14... Qxh8 15. cxd4 Nc6 16. d5 Kg8 17. Rc1 Ne5 18. Qc3 Nxf3+ 19. gxf3 Qh1 20. e4 Bd7 21. Kd2 Rc8 22. Be2 Qxc1+ (22... Qh2 {with more complications.} 23. Qd4 Rxc1 24. Kxc1 Qf4+ 25. Kb1 b6) 23. Qxc1 Rxc1 24. Kxc1 $11 {[%mdl 4096] Endspiel KL-KL} g5 25. Kd2 e5 26. dxe6 fxe6 27. e5 Bc6 28. Ke3 a5 29. f4 gxf4+ 30. Kxf4 b5 {[%cal Bb7b5,Bb5b4,Bb4a3][%mdl 32]} 31. Ke3 b4 32. Kd2 a4 33. a3 bxa3 {[#] Weiss muss nun ...a2 beachten.} 34. Kc1 Be4 (34... Bd5 35. Bb5) 35. Bb5 Kf7 {zielt auf ...Kg6 ab.} 36. Bxa4 Kg6 {Droht stark ...Kg5.} 37. Bd7 $2 {[%mdl 8192]} (37. f4 $1 $11 {und Weiss ist OK.}) 37... Kf5 $19 38. f4 Bd3 39. Bc8 Kxf4 $2 ({Lieber} 39... Bc4 $19 40. Kb1 Bd5) 40. Bxe6 $11 Kxe5 {[#]} 41. Bc4 $1 {[%mdl 8704]} Be4 $2 (41... Bxc4 $19 42. Kb1 Bg8) 42. Bg8 Kd4 {Droht ...Kc3 und aus.} 43. Kd2 {Precision: Weiß = 48%, Schwarz = 46%.} 1/2-1/2